Pokemon Wind- und Sturmattacken - Statistiken

Allgemein
  • Dieses Quiz wurde 4 mal gespielt
  • Das Durchschnittsergebnis liegt bei 7 aus 30
Antwortstatistiken
Typ Attacke % Korrekt
Eis Eissturm
100%
Flug Windschnitt
100%
Pflanze Blättersturm
67%
Feuer Feuersturm
67%
Flug Orkan
67%
Flug Windstoß
67%
Normal Wirbelwind
67%
Eis Blizzard
33%
Fee Feenbrise
33%
Feuer Feuerwirbel
33%
Feuer Flammensturm
33%
Normal Klingensturm
33%
Boden Sandwirbel
33%
Pflanze Blütenwirbel
0%
Gestein Diamantsturm
0%
Elektro Donnerorkan
0%
Eis Frostfallwind
0%
Eis Frosthauch
0%
Fee Frühlingsorkan
0%
Fee Glitzersturm
0%
Eis Hagelsturm
0%
Feuer Lavasturm
0%
Flug Polarorkan
0%
Flug Rückenwind
0%
Gestein Sandsturm
0%
Käfer Silberhauch
0%
Kampf Sternensturm
0%
Geist Unheilböen
0%
Drache Windhose
0%
Boden Wüstenorkan
0%
Keine übereinstimmenden Quizze gefunden
Verteilung der Resultate
Anzahl Personen mit jedem Resultat
Perzentil nach korrekt beantworteten Fragen
Ihre Resultats-Entwicklung
Sie haben dieses Quiz noch nicht gespielt